00354nam a2200121Ia 4500003000500000005001700005008004100022050002000063100002700083245007700110260002800187300001700215SISC20250211101933.0180205s9999 xx 000 0 und d aT 1b.V712 2008 aVillaceran, Malcolm V. 3aAn Automated hospital billing system for golden acres doctors hospital / aLas Piñas Cityc2008. ai, 119 pages